<?xml version="1.0" encoding="UTF-8"?>
<record
    xmlns:xsi="http://www.w3.org/2001/XMLSchema-instance"
    xsi:schemaLocation="http://www.loc.gov/MARC21/slim http://www.loc.gov/standards/marcxml/schema/MARC21slim.xsd"
    xmlns="http://www.loc.gov/MARC21/slim">

  <leader>01488nam a2200265Ia 4500</leader>
  <controlfield tag="003">OSt</controlfield>
  <controlfield tag="005">20210511133828.0</controlfield>
  <controlfield tag="008">210310s2011    sp     gr     000 0 spa d</controlfield>
  <datafield tag="020" ind1=" " ind2=" ">
    <subfield code="a">9788434469723</subfield>
  </datafield>
  <datafield tag="040" ind1=" " ind2=" ">
    <subfield code="a">CO-JMCR</subfield>
    <subfield code="c">CO-JMCR</subfield>
  </datafield>
  <datafield tag="041" ind1="1" ind2=" ">
    <subfield code="a">spa</subfield>
    <subfield code="h">eng</subfield>
  </datafield>
  <datafield tag="082" ind1="0" ind2="4">
    <subfield code="a">330.9043 / </subfield>
    <subfield code="b">O772c</subfield>
    <subfield code="2">23</subfield>
  </datafield>
  <datafield tag="100" ind1="1" ind2=" ">
    <subfield code="a">Otte, Max </subfield>
    <subfield code="e">autor</subfield>
    <subfield code="9">26078</subfield>
  </datafield>
  <datafield tag="245" ind1="1" ind2="3">
    <subfield code="a">La crisis rompe las reglas : </subfield>
    <subfield code="b">c&#xF3;mo afrontar las nuevas amenazas de la econom&#xED;a mundial / </subfield>
    <subfield code="c">Max Otte , Thomas Helfrich ; traducci&#xF3;n de Sergio Polowsky</subfield>
  </datafield>
  <datafield tag="250" ind1=" " ind2=" ">
    <subfield code="a">Primera edici&#xF3;n </subfield>
  </datafield>
  <datafield tag="260" ind1=" " ind2=" ">
    <subfield code="a">Barcelona, Espa&#xF1;a : </subfield>
    <subfield code="b">Ariel, </subfield>
    <subfield code="c">2011.</subfield>
  </datafield>
  <datafield tag="300" ind1=" " ind2=" ">
    <subfield code="a">265 p&#xE1;ginas ; </subfield>
    <subfield code="c">23 cm.</subfield>
  </datafield>
  <datafield tag="500" ind1=" " ind2=" ">
    <subfield code="a">Datos biogr&#xE1;ficos de los autores en solapa frontal.</subfield>
  </datafield>
  <datafield tag="505" ind1="0" ind2=" ">
    <subfield code="a">Crisis econ&#xF3;micas 2.0 &#xBF;D&#xF3;nde estamos?. -- Sobre los cambio en la econom&#xED;a mundial. -- Globalizaci&#xF3;n. -- Sobre la regulaci&#xF3;n de los mercados de capitales. -- De plagas de langostas y manadas de lobos: los fondos de cobertura. -- Llevar Euros a Atenas: el ataque a nuestra moneda. -- La econom&#xED;a financiera, la econom&#xED;a real y el endeudamiento del estado. -- De pol&#xED;ticos y partidos. -- Los directivos y la moral.-- De economistas y pol&#xED;ticos. -- La econom&#xED;a de las desinformaci&#xF3;n. -- Sobre estrategias de la inversi&#xF3;n en tiempos de crisis. 
</subfield>
  </datafield>
  <datafield tag="650" ind1="1" ind2="4">
    <subfield code="a">Pol&#xED;tica comercial</subfield>
    <subfield code="9">6253</subfield>
  </datafield>
  <datafield tag="650" ind1="2" ind2="4">
    <subfield code="a">Relaciones Econ&#xF3;micas Internacionales</subfield>
    <subfield code="9">5216</subfield>
  </datafield>
  <datafield tag="700" ind1="1" ind2=" ">
    <subfield code="a">Helfrich, Thomas,</subfield>
    <subfield code="e">autor</subfield>
    <subfield code="9">37554</subfield>
  </datafield>
  <datafield tag="700" ind1="1" ind2=" ">
    <subfield code="a">Polowsky, Sergio, </subfield>
    <subfield code="e">traductor </subfield>
    <subfield code="9">37555</subfield>
  </datafield>
  <datafield tag="942" ind1=" " ind2=" ">
    <subfield code="2">ddc</subfield>
    <subfield code="c">BK</subfield>
  </datafield>
  <datafield tag="999" ind1=" " ind2=" ">
    <subfield code="c">11648</subfield>
    <subfield code="d">11648</subfield>
  </datafield>
  <datafield tag="952" ind1=" " ind2=" ">
    <subfield code="0">0</subfield>
    <subfield code="1">0</subfield>
    <subfield code="2">ddc</subfield>
    <subfield code="4">0</subfield>
    <subfield code="7">0</subfield>
    <subfield code="a">CPL</subfield>
    <subfield code="b">CPL</subfield>
    <subfield code="c">GEN</subfield>
    <subfield code="d">2018-04-15</subfield>
    <subfield code="e">Donaci&#xF3;n</subfield>
    <subfield code="o">330.9043 / O772c</subfield>
    <subfield code="p">430002083</subfield>
    <subfield code="r">2024-05-16 00:00:00</subfield>
    <subfield code="t">Ej.1</subfield>
    <subfield code="w">2021-03-10</subfield>
    <subfield code="y">BK</subfield>
  </datafield>
</record>
